000 00896nam a22003017a 4500
003 CHAP
005 20220329140346.0
008 971013s1975 r 00010 d
010 _a50898
011 _a51870
035 _a56020
040 _cCHAP
090 _aFolleto 5126y
100 0 0 _aVorobiov, N. N.
_9120700
245 1 _aCriterios de divisibilidad
260 _aMoscú :
_bMir,
_c1975
300 _a76 p.
490 _aLecciones populares de matemáticas
590 _aBATCH-UPD
_b10
_c20130110
_lUCH01
_h0835
590 _aBATCH-UPD
_b10
_c20130410
_lUCH01
_h0513
590 _aBATCH-UPD
_b10
_c20130914
_lUCH01
_h1842
590 _aCONVERSION
_b10
_c20130109
_lUCH01
_h1328
650 1 4 _aNúmeros
_xDivisibilidad.
_981907
830 0 _aLecciones populares de matemáticas
_965355
901 _aBK
942 _cFOLL
949 _aFolleto 5126y
_bBC
_cFOLL
_d-122557
_eTS1
_i56020
_si
_t21.00
999 _c50898
_d50898